[Event "26.Schlosspark-Open"]
[Site "Wiesbaden-Biebrich"]
[Date "2014.08.28"]
[Round "1.1"]
[White "Zimpfer, Andreas"]
[Black "Kunin, Vitaly"]
[Result "0-1"]
[WhiteElo "1879"]
[BlackElo "2575"]
[PlyCount "58"]
[EventDate "2014.??.??"]
[WhiteTeam "SC Butzbach 2000"]
[BlackTeam "Freibauer Mörlenbach-Birkenau"]

1. d4 Nf6 2. c4 e6 3. Nc3 Bb4 4. e3 O-O 5. g3 d5 6. a3 Bxc3+ 7. bxc3 c5 8. cxd5
exd5 9. Bg2 Nc6 10. Ne2 Bg4 11. O-O Re8 12. a4 Rc8 13. Re1 b6 14. f3 Bd7 15.
Qd3 cxd4 16. exd4 Na5 17. h4 Nb3 18. Ra2 Nxc1 19. Rxc1 Rc4 20. Qd1 Qe7 21. Bf1
h6 22. Kg2 Nh5 23. g4 Bxg4 24. fxg4 Qe4+ 25. Kh2 Qxg4 26. Ng1 Qf4+ 27. Kg2 Rc6
28. Kh1 Ng3+ 29. Kg2 Rg6 0-1

[Event "26.Schlosspark-Open"]
[Site "Wiesbaden-Biebrich"]
[Date "2014.08.28"]
[Round "1.2"]
[White "Khenkin, Igor"]
[Black "Steimbach, Isabel"]
[Result "1-0"]
[WhiteElo "2574"]
[BlackElo "1834"]
[PlyCount "81"]
[EventDate "2014.??.??"]
[WhiteTeam "SG Porz e.V."]
[BlackTeam "OSG Baden-Baden"]

1. d4 d5 2. Nf3 e6 3. c4 Nf6 4. e3 Be7 5. b3 O-O 6. Bb2 b6 7. Bd3 Bb7 8. O-O
Nbd7 9. Nc3 Ne4 10. Rc1 Rc8 11. cxd5 exd5 12. Qe2 a5 13. Ba6 Bxa6 14. Qxa6 Nxc3
15. Rxc3 Bd6 16. Rfc1 Re8 17. Qb5 Nf6 18. Ne5 Bxe5 19. dxe5 Nd7 20. Rc6 Nc5 21.
Ba3 Ne6 22. Rd1 d4 23. Bb2 Qg5 24. Bxd4 h6 25. h3 Rcd8 26. Rcc1 Qh5 27. Qf1 Qh4
28. f4 Qg3 29. Qf2 Qxf2+ 30. Kxf2 g6 31. g4 Rd7 32. Bb2 Red8 33. Rxd7 Rxd7 34.
Ke1 Kf8 35. Rc6 Ke7 36. f5 Ng5 37. Ba3+ Ke8 38. e6 fxe6 39. fxe6 Rd5 40. Rxc7
Kd8 41. e7+ 1-0

[Event "26.Schlosspark-Open"]
[Site "Wiesbaden-Biebrich"]
[Date "2014.08.28"]
[Round "1.3"]
[White "Hipler, Andreas"]
[Black "Poetsch, Hagen"]
[Result "0-1"]
[WhiteElo "1872"]
[BlackElo "2494"]
[PlyCount "30"]
[EventDate "2014.??.??"]
[WhiteTeam "SK Gau-Algesheim"]
[BlackTeam "SF Schöneck"]

1. d4 Nf6 2. Nf3 c5 3. e3 g6 4. Be2 Bg7 5. O-O O-O 6. c4 cxd4 7. exd4 d5 8. Nc3
Nc6 9. Bg5 dxc4 10. Bxc4 Bg4 11. d5 Na5 12. Be2 Rc8 13. Qd4 Bxf3 14. Bxf3 h6
15. Bh4 Rc4 0-1

[Event "26.Schlosspark-Open"]
[Site "Wiesbaden-Biebrich"]
[Date "2014.08.28"]
[Round "1.4"]
[White "Carlstedt, Jonathan"]
[Black "Bolduan, Michael"]
[Result "1-0"]
[WhiteElo "2437"]
[BlackElo "1870"]
[PlyCount "33"]
[EventDate "2014.??.??"]
[WhiteTeam "Hamburger SK von 1830 eV"]
[BlackTeam "SC Taunusstein 1966"]

1. c4 e6 2. g3 f5 3. Bg2 Nf6 4. Nf3 d5 5. O-O Bd6 6. Nc3 c6 7. d3 O-O 8. e4
Nbd7 9. Re1 Qc7 10. Nd4 Nb6 11. cxd5 exd5 12. exf5 a6 13. Bg5 Bd7 14. Rc1 Qb8
15. Ne6 Rf7 16. Qb3 Qa7 17. Be3 1-0

[Event "26.Schlosspark-Open"]
[Site "Wiesbaden-Biebrich"]
[Date "2014.08.28"]
[Round "1.5"]
[White "Schimmele, Alexander"]
[Black "Malek, Daniel"]
[Result "0-1"]
[WhiteElo "1829"]
[BlackElo "2391"]
[PlyCount "65"]
[EventDate "2014.??.??"]
[WhiteTeam "SC Neckarsulm e.V."]
[BlackTeam "Wiesbadener SV 1885"]

1. e4 e6 2. d4 d5 3. e5 c5 4. c3 Nc6 5. Nf3 Bd7 6. b3 Rc8 7. Nbd2 cxd4 8. Nxd4
Nxe5 9. Bb2 Nf6 10. Be2 Ng6 11. Rc1 e5 12. N4f3 Bd6 13. O-O O-O 14. c4 d4 15.
Bd3 Nf4 16. Ne4 Nxd3 17. Qxd3 Nxe4 18. Qxe4 Bc6 19. Qe2 Re8 20. Rfe1 b6 21. a3
a5 22. Nd2 f5 23. Qh5 Qf6 24. Nf3 Bc5 25. Rcd1 Rcd8 26. Rd2 e4 27. Ng5 h6 28.
Nh3 Qf7 29. Qd1 d3 30. Bc1 f4 31. Kh1 Qf5 32. Ng1 e3 33. fxe3 0-1

[Event "26.Schlosspark-Open"]
[Site "Wiesbaden-Biebrich"]
[Date "2014.08.28"]
[Round "1.6"]
[White "Boidman, Yuri"]
[Black "Biastoch, Bennet"]
[Result "0-1"]
[WhiteElo "2384"]
[BlackElo "1765"]
[PlyCount "77"]
[EventDate "2014.??.??"]
[WhiteTeam "SC Heimbach-Weis/Neuwied"]
[BlackTeam "SG Aufbau Elbe Magdeburg"]

1. e4 c5 2. Nf3 d6 3. d4 cxd4 4. Qxd4 a6 5. Be3 Nc6 6. Qd2 Nf6 7. Nc3 e6 8.
O-O-O Be7 9. Bf4 e5 10. Bg5 Qa5 11. Bxf6 gxf6 12. Bc4 Be6 13. Nd5 Qxd2+ 14.
Rxd2 Rd8 15. Nh4 b5 16. Bb3 Nd4 17. c3 Nxb3+ 18. axb3 f5 19. Nxf5 Bxf5 20. exf5
Bg5 21. Ne3 Bxe3 22. fxe3 Ke7 23. Kc2 Rd7 24. Ra1 Ra8 25. Rd5 Raa7 26. g4 f6
27. e4 Kf7 28. Rad1 Ke7 29. R5d3 Ra8 30. Rh3 Rh8 31. Rh6 Kf7 32. h4 Kg7 33. g5
Rf8 34. c4 bxc4 35. bxc4 Rc7 36. b3 Rc6 37. Rg1 Rcc8 38. Rh5 Rf7 39. g6 0-1

[Event "26.Schlosspark-Open"]
[Site "Wiesbaden-Biebrich"]
[Date "2014.08.28"]
[Round "1.8"]
[White "Haag, Martin"]
[Black "Huber, Timm"]
[Result "1-0"]
[WhiteElo "2307"]
[BlackElo "1847"]
[PlyCount "45"]
[EventDate "2014.??.??"]
[WhiteTeam "SC Bonn Beuel"]
[BlackTeam "SJ Herborn 1998"]

1. c4 c5 2. g3 g6 3. Bg2 Bg7 4. Nc3 Nc6 5. Nf3 Nf6 6. d4 cxd4 7. Nxd4 Qb6 8.
Nb3 d6 9. O-O Ne5 10. c5 dxc5 11. Be3 Nfd7 12. Rc1 Ng4 13. Nd5 Qd6 14. Bf4 Be5
15. Qc2 e6 16. Bxe5 Ndxe5 17. Nf4 c4 18. Na5 Rb8 19. Nxc4 Nxc4 20. Qxc4 e5 21.
Rfd1 Be6 22. Qa4+ Bd7 23. Qxa7 1-0

[Event "26.Schlosspark-Open"]
[Site "Wiesbaden-Biebrich"]
[Date "2014.08.28"]
[Round "1.9"]
[White "Hoffmann, Jens"]
[Black "Kiefer, Daniel"]
[Result "0-1"]
[WhiteElo "1843"]
[BlackElo "2263"]
[PlyCount "102"]
[EventDate "2014.??.??"]
[WhiteTeam "SF HN-Biberach 1978 e.V."]
[BlackTeam "Sfr.Mainz 1928"]

1. e4 e5 2. Nf3 Nc6 3. Bb5 a6 4. Ba4 Nf6 5. O-O Be7 6. Re1 b5 7. Bb3 O-O 8. c3
d6 9. d4 Bg4 10. d5 Na5 11. Nbd2 Nxb3 12. Nxb3 c6 13. dxc6 Qb6 14. Qd3 h6 15.
Be3 Qxc6 16. Nfd2 Be6 17. Na5 Qc7 18. Ndb3 Ng4 19. a4 Nxe3 20. Qxe3 Rab8 21.
axb5 Rxb5 22. c4 Rb4 23. Rec1 Bg5 24. Qc3 Rfb8 25. Rc2 f5 26. Qd3 fxe4 27. Qxe4
d5 28. Qg6 Bf7 29. cxd5 Qd7 30. Qxa6 Qxd5 31. Nc6 R4b6 32. Qa4 Rxb3 33. Nxb8
Rxb8 34. Qa7 Rd8 35. h3 e4 36. Rc5 Qb3 37. Rc7 Rd1+ 38. Rxd1 Qxd1+ 39. Kh2 Bf4+
40. g3 Bxc7 41. Qxc7 Qd2 42. Qb6 Bh5 43. b4 Kh7 44. Qc5 Bf7 45. b5 Qd5 46. Qa7
Be8 47. b6 Bc6 48. Qa1 e3 49. Qb1+ Kh8 50. Qg1 e2 51. h4 e1=Q 0-1

[Event "26.Schlosspark-Open"]
[Site "Wiesbaden-Biebrich"]
[Date "2014.08.28"]
[Round "1.10"]
[White "Rafiee, Makan"]
[Black "Timar-Geng, Zoltan"]
[Result "1/2-1/2"]
[WhiteElo "2258"]
[BlackElo "1841"]
[PlyCount "126"]
[EventDate "2014.??.??"]
[WhiteTeam "Kasseler SK 1876"]
[BlackTeam "SC Eulenspiegel Regensb."]

1. e4 e5 2. Nf3 Nc6 3. Bb5 Nge7 4. c3 g6 5. d4 exd4 6. cxd4 Bg7 7. d5 Ne5 8.
Nxe5 Bxe5 9. Nc3 O-O 10. Bh6 Re8 11. O-O a6 12. Bd3 d6 13. f4 Bd4+ 14. Kh1 f5
15. exf5 Bxf5 16. Bxa6 Bxc3 17. bxc3 Be4 18. Bxb7 Nf5 19. Bg5 Qb8 20. Qb3 Ne3
21. Bxa8 Bxg2+ 22. Kg1 Qxa8 23. Rf2 Bxd5 24. Qb5 Qc8 25. f5 c6 26. Qd3 Nxf5 27.
Re2 Qa8 28. Rxe8+ Qxe8 29. a4 Qb8 30. Qe2 h6 31. Bf4 Qa7+ 32. Qf2 Qa5 33. Bd2
Qa6 34. h3 Qd3 35. Kh2 Nh4 36. Qe3 Qxd2+ 37. Qxd2 Nf3+ 38. Kg3 Nxd2 39. a5 Ne4+
40. Kf4 Nxc3 41. a6 c5 42. a7 Ba8 43. Ra6 Nd5+ 44. Kg3 Nc3 45. Rb6 Kf7 46. Rb8
Bd5 47. a8=Q Bxa8 48. Rxa8 Ke6 49. Kf3 Kd5 50. Rh8 Ne4 51. Rxh6 g5 52. Ke3 Ke5
53. h4 d5 54. h5 Nf6 55. Rh8 Kf5 56. Rc8 Nxh5 57. Rxc5 Nf6 58. Rc1 Ke5 59. Rg1
Ne4 60. Kf3 Kf5 61. Rd1 Ke5 62. Rg1 Kf5 63. Rd1 Ke5 1/2-1/2

[Event "26.Schlosspark-Open"]
[Site "Wiesbaden-Biebrich"]
[Date "2014.08.28"]
[Round "1.11"]
[White "Karsay, Pascal"]
[Black "Krenz, Valeriy"]
[Result "0-1"]
[WhiteElo "1766"]
[BlackElo "2242"]
[PlyCount "36"]
[EventDate "2014.??.??"]
[WhiteTeam "Vorw.Orient Mainz"]
[BlackTeam "SAbt TuS Dotzheim"]

1. e4 c6 2. d4 d5 3. Nc3 g6 4. Nf3 Bg7 5. exd5 cxd5 6. Bf4 Nf6 7. Qd2 O-O 8.
Ne5 Nh5 9. Bh6 f6 10. Nd3 Bxh6 11. Qxh6 Nc6 12. O-O-O Nxd4 13. Nb4 e5 14. Nbxd5
Be6 15. Ne3 Rc8 16. g3 Qa5 17. Bg2 Rxc3 18. bxc3 Ne2+ 0-1

[Event "26.Schlosspark-Open"]
[Site "Wiesbaden-Biebrich"]
[Date "2014.08.28"]
[Round "1.12"]
[White "Sergin, Mark"]
[Black "Weber, Sandra"]
[Result "1-0"]
[WhiteElo "2240"]
[BlackElo "1800"]
[PlyCount "45"]
[EventDate "2014.??.??"]
[WhiteTeam "Kasseler SK 1876"]
[BlackTeam "SC Neckarsulm e.V."]

1. e4 c5 2. Nc3 Nc6 3. Nf3 g6 4. d4 cxd4 5. Nxd4 Bg7 6. Be3 Nf6 7. Bc4 Qa5 8.
O-O O-O 9. Bb3 d6 10. h3 Bd7 11. Nde2 b5 12. a3 Ne5 13. Bd4 Nc4 14. Bxc4 bxc4
15. b4 cxb3 16. cxb3 Bc6 17. Qd3 a6 18. b4 Qc7 19. Rfc1 Qb7 20. f3 Ne8 21. Bxg7
Kxg7 22. Nd4 Ra7 23. Nxc6 1-0

[Event "26.Schlosspark-Open"]
[Site "Wiesbaden-Biebrich"]
[Date "2014.08.28"]
[Round "1.13"]
[White "Niedenthal, Robert"]
[Black "Minor, Samuel"]
[Result "0-1"]
[WhiteElo "1828"]
[BlackElo "2229"]
[PlyCount "66"]
[EventDate "2014.??.??"]
[WhiteTeam "SV 1920 Hofheim"]
[BlackTeam "Wiesbadener SV 1885"]

1. c4 f5 2. Nc3 Nf6 3. g3 g6 4. Bg2 Bg7 5. d3 O-O 6. Bd2 e5 7. a3 c6 8. b4 Kh8
9. Rb1 d5 10. Qc1 d4 11. Na4 e4 12. Bg5 Qe8 13. Nb2 Nbd7 14. Nh3 Ng4 15. O-O h6
16. Bf4 g5 17. Bd6 Rf6 18. c5 Nde5 19. dxe4 fxe4 20. Nc4 Nxc4 21. Qxc4 Qh5 22.
Qc1 Bf5 23. f3 exf3 24. exf3 Bxb1 25. Qxb1 Ne3 26. g4 Qf7 27. Rf2 Re8 28. Qd3
Nc4 29. Bg3 Re1+ 30. Rf1 Rxf1+ 31. Kxf1 Ne3+ 32. Kg1 Rxf3 33. Nf2 Nxg2 0-1

[Event "26.Schlosspark-Open"]
[Site "Wiesbaden-Biebrich"]
[Date "2014.08.28"]
[Round "1.14"]
[White "Hahn, Markus"]
[Black "Mönch, Dietmar"]
[Result "1-0"]
[WhiteElo "2221"]
[BlackElo "1818"]
[PlyCount "65"]
[EventDate "2014.??.??"]
[WhiteTeam "Kasseler SK 1876"]
[BlackTeam "vereinlos"]

1. d4 Nf6 2. Nf3 g6 3. c4 d5 4. Bg5 Bg7 5. Nc3 O-O 6. Bxf6 exf6 7. cxd5 Nd7 8.
g3 f5 9. Bg2 Nf6 10. Ne5 Ng4 11. Nf3 Qd6 12. e3 b6 13. O-O Bb7 14. Qb3 a6 15.
a4 Qe7 16. a5 Rfd8 17. axb6 cxb6 18. Qxb6 Bxd5 19. Nxd5 Rxd5 20. Rxa6 Rxa6 21.
Qxa6 Rd6 22. Qc4 Rb6 23. b3 h5 24. Rb1 Bf8 25. h3 Nf6 26. Ne5 Ne4 27. Bxe4 fxe4
28. b4 Kg7 29. b5 f6 30. Nc6 Qd7 31. d5 f5 32. Qd4+ Kh7 33. Qxb6 1-0

[Event "26.Schlosspark-Open"]
[Site "Wiesbaden-Biebrich"]
[Date "2014.08.28"]
[Round "1.15"]
[White "Sefeloge, Michael"]
[Black "Schaack, Harry"]
[Result "0-1"]
[WhiteElo "1818"]
[BlackElo "2218"]
[PlyCount "86"]
[EventDate "2014.??.??"]
[WhiteTeam "SV Turm Lahnstein"]
[BlackTeam "SF Schöneck"]

1. d4 Nf6 2. c4 c5 3. Nf3 cxd4 4. Qxd4 Nc6 5. Qd1 g6 6. Nc3 Bg7 7. e3 O-O 8.
Be2 b6 9. O-O Bb7 10. Nb5 Rc8 11. Nbd4 Qc7 12. b3 Rfd8 13. Bb2 d5 14. Nxc6 Bxc6
15. Qc1 Qb8 16. Rd1 Re8 17. Be5 Qa8 18. cxd5 Bxd5 19. Qb2 Nh5 20. Rac1 f6 21.
Bc3 Bf8 22. Rxd5 Qxd5 23. Bc4 Rxc4 24. bxc4 Qd7 25. Qb5 Rd8 26. Qxd7 Rxd7 27.
g4 Ng7 28. Bb4 e5 29. Bxf8 Kxf8 30. Rc2 Ne6 31. Nd2 Ke7 32. Nb3 Rd1+ 33. Kg2
Kd6 34. Kf3 Ng5+ 35. Kg2 Ne6 36. Kf3 Kc6 37. h3 a5 38. h4 Rh1 39. Kg3 h5 40.
gxh5 gxh5 41. Rd2 a4 42. Nd4+ exd4 43. exd4 Ng7 0-1

[Event "26.Schlosspark-Open"]
[Site "Wiesbaden-Biebrich"]
[Date "2014.08.28"]
[Round "1.16"]
[White "De Visser, Leon"]
[Black "Binfet, Daniel"]
[Result "1-0"]
[WhiteElo "2204"]
[BlackElo "1817"]
[PlyCount "59"]
[EventDate "2014.??.??"]
[WhiteTeam "SC Brett vorm Kopp Ffm"]
[BlackTeam "TuS Makkabi Wiesbaden"]

1. c4 Nf6 2. g3 e5 3. Bg2 Nc6 4. Nc3 d6 5. d3 h6 6. e4 Be7 7. Nge2 Be6 8. f4
Bg4 9. O-O Nd4 10. h3 Nxe2+ 11. Nxe2 Bxe2 12. Qxe2 c5 13. Bd2 O-O 14. Bc3 Nd7
15. Rab1 a5 16. Rf2 Bf6 17. Rbf1 Qe7 18. Bf3 g6 19. Qd2 Bg7 20. Bd1 a4 21. Kh2
Nf6 22. Rf3 h5 23. Qf2 Nd7 24. f5 Bf6 25. h4 a3 26. b4 b6 27. Bd2 g5 28. hxg5
Bh8 29. f6 Qe6 30. Rf5 1-0

[Event "26.Schlosspark-Open"]
[Site "Wiesbaden-Biebrich"]
[Date "2014.08.28"]
[Round "1.17"]
[White "Bajorski, Marius"]
[Black "Nagel, Bernhard"]
[Result "1/2-1/2"]
[WhiteElo "1807"]
[BlackElo "2204"]
[PlyCount "95"]
[EventDate "2014.??.??"]
[WhiteTeam "SV 1920 Hofheim"]
[BlackTeam "Wiesbadener SV 1885"]

1. e4 e5 2. Nf3 Nc6 3. Bb5 a6 4. Ba4 Nf6 5. O-O Be7 6. d3 d6 7. c3 O-O 8. Re1
Bd7 9. Nbd2 Re8 10. d4 Bf8 11. Bc2 g6 12. dxe5 Nxe5 13. Nxe5 dxe5 14. Nf3 Bc6
15. Qxd8 Raxd8 16. Bg5 Bg7 17. Bh4 h6 18. h3 g5 19. Bg3 Nh5 20. Bh2 Nf4 21.
Rad1 Kf8 22. Rd2 Rxd2 23. Nxd2 Rd8 24. Nb3 b6 25. f3 Bf6 26. Bxf4 gxf4 27. Rd1
Ra8 28. Bd3 a5 29. Bc4 Be7 30. Bd5 Rd8 31. Rd2 Bb5 32. c4 Bb4 33. cxb5 a4 34.
Rc2 axb3 35. Bxb3 Bc5+ 36. Kh2 Rd3 37. Ba4 Ke8 38. Rxc5 bxc5 39. b6+ c6 40.
Bxc6+ Kd8 41. Bd5 Rd4 42. b3 Rb4 43. b7 Kc7 44. a4 Rd4 45. a5 f6 46. a6 Kb8 47.
Bc4 Rd7 48. Bb5 1/2-1/2

[Event "26.Schlosspark-Open"]
[Site "Wiesbaden-Biebrich"]
[Date "2014.08.28"]
[Round "1.18"]
[White "Kiese, Matthias"]
[Black "Sergakis, Leonidas"]
[Result "1-0"]
[WhiteElo "2202"]
[BlackElo "1803"]
[PlyCount "141"]
[EventDate "2014.??.??"]
[WhiteTeam "Bochumer SV 02"]
[BlackTeam "O.F.C Chania"]

1. d4 Nf6 2. Nf3 d5 3. c4 e6 4. Nc3 Bb4 5. Qa4+ Nc6 6. Bg5 Bxc3+ 7. bxc3 dxc4
8. Qxc4 Qd5 9. Qxd5 Nxd5 10. Bd2 Nf6 11. c4 Bd7 12. Rb1 b6 13. e3 O-O 14. Bd3
Rfe8 15. Bc3 a5 16. a3 h6 17. O-O Rad8 18. h3 Bc8 19. Bc2 Bd7 20. Rfe1 Rb8 21.
e4 Red8 22. d5 Ne7 23. Ne5 Be8 24. Nd3 exd5 25. exd5 Nf5 26. Nf4 Nd6 27. Bxf6
gxf6 28. Bd3 Bd7 29. Nh5 Ne8 30. Re3 Kf8 31. Rbe1 f5 32. Rf3 Nd6 33. Nf6 Kg7
34. Nh5+ Kf8 35. Nf6 Kg7 36. Nxd7 Rxd7 37. Bxf5 Nxf5 38. Rxf5 b5 39. Rb1 b4 40.
axb4 axb4 41. Rf3 Rd6 42. Rfb3 Rdb6 43. Kf1 Kf6 44. Ke2 Ke5 45. Kd3 Rf6 46.
R1b2 Rg6 47. g3 Rgb6 48. Ra2 f5 49. f4+ Kd6 50. Ra5 R6b7 51. Kd4 Kd7 52. Ra6
Rb6 53. Rxb6 Rxb6 54. c5 Rb8 55. Kc4 h5 56. Rxb4 Re8 57. Rb3 Re4+ 58. Kb5 h4
59. gxh4 Rxf4 60. Rg3 Rxh4 61. Rg7+ Kd8 62. Kc6 Rh6+ 63. d6 cxd6 64. cxd6 Ke8
65. Kc7 Kf8 66. Rg5 Rxh3 67. Rxf5+ Kg7 68. d7 Rc3+ 69. Kd6 Kg6 70. d8=Q Kxf5
71. Qa5+ 1-0

[Event "26.Schlosspark-Open"]
[Site "Wiesbaden-Biebrich"]
[Date "2014.08.28"]
[Round "1.19"]
[White "Jordake, Michael"]
[Black "Schnicke, Robert"]
[Result "0-1"]
[WhiteElo "1802"]
[BlackElo "2164"]
[PlyCount "84"]
[EventDate "2014.??.??"]
[WhiteTeam "SC Bergen-Enkheim 1922"]
[BlackTeam "TV Winnweiler"]

1. Nc3 d6 2. e4 g6 3. g3 Bg7 4. Bg2 c5 5. d3 Nc6 6. Be3 e6 7. Qd2 Rb8 8. Nh3 b5
9. f4 Nd4 10. O-O Ne7 11. Nd1 O-O 12. c3 Ndc6 13. Ng5 Qc7 14. Nf3 Ba6 15. Re1
b4 16. e5 dxe5 17. Bxc5 exf4 18. gxf4 Rfd8 19. d4 bxc3 20. bxc3 Na5 21. Ne5
Bxe5 22. fxe5 Qxc5 23. Qg5 Qc7 24. Ne3 h5 25. Rac1 Nc4 26. Nc2 Bb7 27. Re2 Bxg2
28. Rxg2 Kh7 29. Nb4 Qb7 30. Nd3 Nf5 31. Nf4 Nce3 32. Rf2 Qe7 33. Qxe7 Nxe7 34.
Nxe6 fxe6 35. Rf7+ Kh6 36. Rxe7 Rf8 37. Rxe6 Rf5 38. Re1 Rg5+ 39. Kf2 Nd5 40.
Rc6 Rf5+ 41. Kg3 Rb2 42. Rc5 Rbf2 0-1

[Event "26.Schlosspark-Open"]
[Site "Wiesbaden-Biebrich"]
[Date "2014.08.28"]
[Round "1.20"]
[White "Pioch, Thomas"]
[Black "Zeyen, Helmut"]
[Result "1/2-1/2"]
[WhiteElo "2160"]
[BlackElo "1801"]
[PlyCount "44"]
[EventDate "2014.??.??"]
[WhiteTeam "Sfr.Mainz 1928"]
[BlackTeam "Wiesbadener SV 1885"]

1. e4 d5 2. exd5 Nf6 3. Nf3 Qxd5 4. Nc3 Qd6 5. d4 c6 6. Be2 Bg4 7. O-O Nbd7 8.
Bg5 h6 9. Be3 e6 10. Qd2 g5 11. a4 Nb6 12. Ne5 Bxe2 13. Qxe2 Nbd5 14. a5 Bg7
15. Na4 Nd7 16. Nxd7 Qxd7 17. Nc5 Qc7 18. c3 O-O 19. h4 Nxe3 20. fxe3 b6 21.
Na6 Qe7 22. hxg5 Qxg5 1/2-1/2

[Event "26.Schlosspark-Open"]
[Site "Wiesbaden-Biebrich"]
[Date "2014.08.28"]
[Round "1.21"]
[White "Marzec, Witold"]
[Black "Cofman, Veaceslav"]
[Result "0-1"]
[WhiteElo "1800"]
[BlackElo "2094"]
[PlyCount "62"]
[EventDate "2014.??.??"]
[WhiteTeam "vereinslos"]
[BlackTeam "Karlsruher SF 1853"]

1. d4 d5 2. c4 Nc6 3. e3 e5 4. Nc3 exd4 5. exd4 Bb4 6. a3 Bxc3+ 7. bxc3 Nge7 8.
c5 O-O 9. Bd3 Bf5 10. Nf3 Bxd3 11. Qxd3 Na5 12. O-O Ng6 13. Qf5 c6 14. Re1 Qc8
15. Qh5 f6 16. Bd2 Qd7 17. Re2 Rfe8 18. Rae1 Rxe2 19. Rxe2 Re8 20. Rxe8+ Qxe8
21. Kf1 Qe4 22. Ne1 Nc4 23. Bc1 Qb1 24. Bf4 Nxa3 25. Bd6 Nc2 26. Qe2 Qxe1+ 27.
Qxe1 Nxe1 28. Kxe1 Kf7 29. Bc7 Ke6 30. f3 Kd7 31. g3 Kxc7 0-1

[Event "26.Schlosspark-Open"]
[Site "Wiesbaden-Biebrich"]
[Date "2014.08.28"]
[Round "1.22"]
[White "Davenport, Darcy"]
[Black "Arns, Alexander"]
[Result "1-0"]
[WhiteElo "2153"]
[BlackElo "1725"]
[PlyCount "101"]
[EventDate "2014.??.??"]
[WhiteTeam "vereinslos"]
[BlackTeam "SF HN-Biberach 1978 e.V."]

1. d4 Nf6 2. c4 c5 3. d5 b5 4. cxb5 a6 5. bxa6 g6 6. Nc3 Bxa6 7. Nf3 d6 8. g3
Bg7 9. Bg2 O-O 10. O-O Qb6 11. Qc2 Nbd7 12. Rd1 Rfb8 13. Rb1 Ng4 14. Bd2 c4 15.
Rf1 Nc5 16. h3 Ne5 17. Nxe5 Bxe5 18. Be3 Qa5 19. Rfd1 Bc8 20. Bd4 Nd7 21. a3
Rb7 22. Na2 Qa4 23. Qxa4 Rxa4 24. Nb4 c3 25. Bxe5 Nxe5 26. Rdc1 Rc7 27. f4 Nd7
28. Nc6 Nb6 29. Rxc3 e6 30. dxe6 fxe6 31. Rbc1 d5 32. Nb4 Rxc3 33. Rxc3 Ra8 34.
e4 Bb7 35. Rc5 Na4 36. Rc7 Rb8 37. exd5 exd5 38. Rxb7 Rxb7 39. Bxd5+ Rf7 40.
Nc6 Kf8 41. Bxf7 Kxf7 42. b4 Ke6 43. Kf2 Kd5 44. Na5 Kd4 45. Nb3+ Kc4 46. Nd2+
Kd3 47. Nf3 Kc3 48. Ng5 Kb3 49. Nxh7 Kxa3 50. Nf8 Kxb4 51. Nxg6 1-0

[Event "26.Schlosspark-Open"]
[Site "Wiesbaden-Biebrich"]
[Date "2014.08.28"]
[Round "1.23"]
[White "Rüll, Michael"]
[Black "Baskin, Robert"]
[Result "0-1"]
[WhiteElo "1797"]
[BlackElo "2152"]
[PlyCount "52"]
[EventDate "2014.??.??"]
[WhiteTeam "SC 1952 Obertshausen"]
[BlackTeam "SAbt TuS Makkabi Ffm"]

1. e4 c5 2. d4 cxd4 3. c3 dxc3 4. Nxc3 Nc6 5. Bc4 d6 6. Nf3 a6 7. O-O Nf6 8. e5
dxe5 9. Qxd8+ Nxd8 10. Nxe5 e6 11. Rd1 Be7 12. Be3 b5 13. Be2 Bb7 14. Rac1 O-O
15. Nd7 Nxd7 16. Rxd7 Re8 17. Nxb5 axb5 18. Bxb5 Bf6 19. Rd2 Re7 20. Bb6 Bd5
21. a4 Bg5 22. Be3 Bxe3 23. fxe3 Nb7 24. b4 Nd6 25. Bc6 Rc8 26. b5 Rec7 0-1

[Event "26.Schlosspark-Open"]
[Site "Wiesbaden-Biebrich"]
[Date "2014.08.28"]
[Round "1.24"]
[White "Mager, Denis"]
[Black "Zerhusen, Martin"]
[Result "1-0"]
[WhiteElo "2152"]
[BlackElo "1786"]
[PlyCount "75"]
[EventDate "2014.??.??"]
[WhiteTeam "SAbt TuS Makkabi Ffm"]
[BlackTeam "SV Oberursel"]

1. c4 c5 2. Nf3 Nc6 3. d4 cxd4 4. Nxd4 d6 5. Nc3 g6 6. e4 Bg7 7. Be3 Nf6 8. Be2
O-O 9. O-O Bd7 10. Nc2 a6 11. f3 Rc8 12. Qd2 Ne5 13. b3 Bc6 14. Nb4 Qc7 15.
Nxc6 Nxc6 16. Rac1 Rfe8 17. Nd5 Qb8 18. Nb6 Rcd8 19. b4 Na7 20. b5 axb5 21.
cxb5 Nc8 22. a4 Nxb6 23. Bxb6 Rc8 24. a5 Nd7 25. Be3 Rc7 26. a6 b6 27. Rxc7
Qxc7 28. Rc1 Nc5 29. Qa2 Qa7 30. Qd5 Rf8 31. Rd1 Bf6 32. f4 Bg7 33. e5 dxe5 34.
Qc6 exf4 35. Bxc5 bxc5 36. b6 Qa8 37. Qxa8 Rxa8 38. b7 1-0

[Event "26.Schlosspark-Open"]
[Site "Wiesbaden-Biebrich"]
[Date "2014.08.28"]
[Round "1.25"]
[White "Brandl, Lea Maria"]
[Black "Serbu, Eli"]
[Result "1/2-1/2"]
[WhiteElo "1781"]
[BlackElo "2150"]
[PlyCount "68"]
[EventDate "2014.??.??"]
[WhiteTeam "TSV Schott Mainz"]
[BlackTeam "Wiesbadener SV 1885"]

1. d4 Nf6 2. c4 g6 3. Nc3 d5 4. cxd5 Nxd5 5. Bd2 Bg7 6. e4 Nb6 7. Be3 O-O 8. h3
Nc6 9. Nf3 e5 10. d5 Ne7 11. Be2 Bd7 12. a4 Nbc8 13. O-O Nd6 14. Rc1 a6 15. b4
h6 16. Qb3 Kh7 17. Rfd1 f5 18. Bd3 fxe4 19. Nxe4 Nef5 20. Bd2 Nxe4 21. Bxe4 Nd6
22. Bb1 Rc8 23. Re1 Qe8 24. a5 Bf5 25. Bxf5 Rxf5 26. Nd4 Rf7 27. Ne6 e4 28.
Nxg7 Rxg7 29. Bf4 Rd8 30. f3 Re7 31. fxe4 Nb5 32. Qd3 Rf7 33. Qg3 Qe7 34. Bd2
c6 1/2-1/2

[Event "26.Schlosspark-Open"]
[Site "Wiesbaden-Biebrich"]
[Date "2014.08.28"]
[Round "1.26"]
[White "Koch, Markus"]
[Black "Kempfer, Justus"]
[Result "1-0"]
[WhiteElo "2143"]
[BlackElo "1781"]
[PlyCount "63"]
[EventDate "2014.??.??"]
[WhiteTeam "SC Brett vorm Kopp Ffm"]
[BlackTeam "SJ Herborn 1998"]

1. d4 Nf6 2. c4 g6 3. f3 Bg7 4. e4 d6 5. Ne2 O-O 6. Be3 c5 7. d5 Nbd7 8. Nec3
a6 9. a4 Rb8 10. Be2 Qa5 11. O-O Ne8 12. Qd2 Nc7 13. Na3 Nb6 14. Bh6 Ne8 15.
Bxg7 Nxg7 16. Nc2 Nd7 17. Qg5 e5 18. dxe6 fxe6 19. b4 Qc7 20. b5 Nf6 21. f4 e5
22. fxe5 dxe5 23. Rxf6 Re8 24. Nd5 Qd8 25. Raf1 Ne6 26. Qh4 b6 27. Bg4 a5 28.
Nce3 Rb7 29. g3 Kg7 30. Bxe6 Bxe6 31. Qg5 Rf8 32. Qxe5 1-0

[Event "26.Schlosspark-Open"]
[Site "Wiesbaden-Biebrich"]
[Date "2014.08.28"]
[Round "1.28"]
[White "Hahn, Florian"]
[Black "Suller, Lorant"]
[Result "1-0"]
[WhiteElo "2133"]
[BlackElo "1775"]
[PlyCount "63"]
[EventDate "2014.??.??"]
[WhiteTeam "SJ Herborn 1998"]
[BlackTeam "vereinslos"]

1. d4 d6 2. g3 Nf6 3. Bg2 c6 4. Nf3 Nbd7 5. O-O Qc7 6. c4 e5 7. Nc3 a6 8. d5 c5
9. e4 Be7 10. Ne1 Nf8 11. Nd3 Ng6 12. f4 exf4 13. gxf4 Bg4 14. Bf3 Bh3 15. Re1
h5 16. e5 Ng4 17. exd6 Qxd6 18. Ne4 Qb6 19. d6 Bh4 20. Nef2+ Kd7 21. Nxh3 Bxe1
22. Bxg4+ hxg4 23. Qxg4+ Kxd6 24. Nxe1 Rae8 25. Nf3 Qd8 26. f5 Kc6 27. fxg6
Qd1+ 28. Kg2 Re2+ 29. Nf2 Qc2 30. Qg3 f5 31. Bf4 Qxb2 32. Rd1 1-0

[Event "26.Schlosspark-Open"]
[Site "Wiesbaden-Biebrich"]
[Date "2014.08.28"]
[Round "1.29"]
[White "Krischak, Werner"]
[Black "Keymer, Vincent"]
[Result "0-1"]
[WhiteElo "1764"]
[BlackElo "2036"]
[PlyCount "80"]
[EventDate "2014.??.??"]
[WhiteTeam "SK Marburg 1931/72"]
[BlackTeam "SK Gau-Algesheim"]

1. d4 d5 2. Nf3 Nf6 3. Bf4 c5 4. e3 Nc6 5. c3 Qb6 6. Qc2 g6 7. Nbd2 Bf5 8. Qb3
c4 9. Qxb6 axb6 10. h3 h5 11. Be2 b5 12. O-O Bg7 13. Ne1 b4 14. a4 b5 15. a5
O-O 16. Bc7 Ra6 17. cxb4 Nxb4 18. f3 Rfa8 19. g4 Be6 20. Ng2 Bh6 21. Rfc1 Nc6
22. Ra2 Nb8 23. Bf4 g5 24. Bg3 hxg4 25. hxg4 Rxa5 26. Rxa5 Rxa5 27. f4 Ra2 28.
f5 Bd7 29. Nb1 Rxb2 30. Bf3 Nc6 31. Nc3 e6 32. Rb1 Rxb1+ 33. Nxb1 exf5 34. gxf5
g4 35. Be2 Bxf5 36. Be5 Nxe5 37. dxe5 Bxb1 38. exf6 c3 39. Ne1 Bxe3+ 40. Kg2
Be4+ 0-1